000 00499nam a2200169 4500
001 110348
003 ES-MaACL
005 20230906185031.0
007 t|
008 061121s1902 sp r ||||1| spa d
100 1 _aOchoa y Torres, Antonio.
_986496
245 1 3 _aLa pena según las teorias modernas /
_cAntonio Ochoa y Torres.
260 _aJaén :
_b[s.n.],
_c1902 (
_fImp. de `El Pueblo Católico`)
300 _a40 p. ;
_c21 cm.
500 _aTesis doctoral.
852 _aES-MaACL
_jT-998-F-10
999 _c110348
_d110348